| 000 | 00738nam a2200241 i 4500 | ||
|---|---|---|---|
| 001 | 6312 | ||
| 003 | ES-MaACL | ||
| 005 | 20240125164722.0 | ||
| 007 | t| | ||
| 008 | 890821s1970 fr ||||0| fre d | ||
| 080 | _a111 | ||
| 080 | _a1 Kant | ||
| 100 | 1 |
_aGranel, Gérard. _959614 |
|
| 245 | 1 | 2 |
_aL'Equivoque ontologique de la pensee kantienne / _cGerard Granel. |
| 260 |
_aParis : _bGallimard, _cD.L. 1970. |
||
| 300 |
_a182 p. ; _c23 cm. |
||
| 490 | 1 | _aBibliothèque de philosophie | |
| 600 | 1 | 4 |
_aKant, Immanuel, _d1724-1804- _xCrítica e interpretación _967497 |
| 650 |
_aOntología. _915705 |
||
| 830 | 0 |
_aBibliothèque de philosophie _9181442 |
|
| 852 |
_aES-MaACL _jL-13457 _bR.116173 |
||
| 999 |
_c6312 _d6312 |
||